| 000 | 00776nam a2200217 i 4500 | ||
|---|---|---|---|
| 001 | 64955 | ||
| 003 | ES-MaACL | ||
| 005 | 20250907063046.0 | ||
| 007 | t| | ||
| 008 | 040107q1919 xxu ||||1| eng d | ||
| 100 | 0 |
_aFowler, Harold North, _d1859-1955 _952011 |
|
| 245 | 1 | 2 |
_aA handbook of Greek archaeology / _cby Harold North Fowler and James Rignall Wheeler ; with the collaboration of Gorham Phillips Stevens. |
| 260 |
_aNew York : _bAmerican Book comp., _c1919. |
||
| 300 |
_a559 p. ; _c19 cm. |
||
| 504 | _aBibliografía: p. 542-550. | ||
| 651 | 4 |
_aGrecia- _xRestos arqueológicos. _9157346 |
|
| 700 | 1 |
_aWheeler, James Rignall ( _d1859-1918) _9116619 |
|
| 700 | 1 |
_aStevens, Gorham Phillips. _9108157 |
|
| 852 |
_aES-MaACL _jF-1609 |
||
| 999 |
_c64955 _d64955 |
||